LEADER 01574nam a2200325 i 4500 001 000000159010 003 CaOOAMICUS 005 20211005124345.0 008 070215s2003 it u000 u ita u 013 $a136373 020 $a88-372-1937-7 040 $aSeMil$bita 240 10$aCommunio sanctorum :$bDie Kirche als Gemeinschaft der Heiligen.$0(OLS)http://semarc/title/140762 245 00$aCommunio Sanctorum :$bla Chiesa come comunione dei santi /$ca cura di Angelo Maffeis ; premessa di Norbert Denecke. 264 1$aBrescia :$bMorcelliana,$c2003. 300 $a142 p. ;$c21 cm. 490 1 $aTeologia. Nuova serie ;$v2 500 $aIn testa al front.: Gruppo di lavoro bilaterale della Conferenza Episcopale Tedesca e della direzione della Chiesa Evangelica Luterana Unita di Germania 650 4$aComunione dei santi.$0(OLS)http://semarc/subject/7418 650 4$aEcclesiologia.$0(OLS)http://semarc/subject/42996 700 1 $aDenecke, Norbert.$0(OLS)http://semarc/name/41662 700 1 $aMaffeis, Angelo,$d<1960- >.$0(OLS)http://semarc/name/2573 830 0$aTeologia. Nuova serie ;$v2.$0(OLS)http://semarc/title/13271 850 $aSeMil 852 $aSeMil$W1$xVenegono$y1$m2TA E 2$j229481$B110598$CSeMilBibl$Z2$F121528 $81 961 $aOmaggio: Altro 996 $6020$a88-372-1937-7$9(OLS)http://semarc/number/74520 996 $6245$aCommunio Sanctorum :$bla Chiesa come comunione dei santi$9(OLS)http://semarc/title/406280 996 $6264$aBrescia :$bMorcelliana$9(OLS)http://semarc/publisher/29629 LEADER 01727nas a2200289 i 4500 001 000000218932 003 CaOOAMICUS 005 20130225000000.0 008 130225b1988 it uu u0 0ita r 013 $a197829 040 $aSeMil$bita 245 10$a1989 /$caggiornamenti geografico-economici a cura di Achille Soldani e della Redazione Geografica dell'Istituto Geografico de Agostini ; cronologia e ordinamenti politici a cura di Franco Casabianca ; cartografia a cura di Giuseppe Motta. 260 $aNovara :$bIstituto Geografico De Agostini,$ccopyr. 1988. 300 $a784 p., 48 tav. color. :$btabelle ;$c17 cm. 500 $aContiene : Cronologia degli avvenimenti politici, Luglio 1987-Giugno 1988. - Tavole [carte geografiche, bandiere] singolarmente numerate su pagine a fronte. - Sul verso del front. : A questa edizione è abbinato l'opuscolo "Cent'anni fa, cronache e statistiche del 1889" [mancante]. - Fondo Card. C. M. Martini. 700 1 $aSoldani, Achille.$0(OLS)http://semarc/name/53833 700 1 $aMotta, Giuseppe.$0(OLS)http://semarc/name/16050 700 1 $aCasabianca, Franco.$0(OLS)http://semarc/name/53834 710 2 $aIstituto Geografico de Agostini .$0(OLS)http://semarc/name/1734 773 0 $tCalendario Atlante De Agostini.$dRoma : Istituto Geografico Italiano G. De Agostini & C., 1903.$x0393-3202$w()2072 774 0 $t[vedi periodico].$w()278665 850 $aSeMil 852 $aSeMil$W1$xVenegono$y1$m249 5 85$j169302$B169302$CSeMilBibl$Z2$F180032 $85 941 1 $a4 961 $aLascito: Martini Card. Carlo Maria 996 $6245$a1989$9(OLS)http://semarc/title/156994 996 $6260$aNovara :$bIstituto Geografico De Agostini$9(OLS)http://semarc/publisher/31865